00765nam a2200253Ia 450000500170000000800460001702000180006303700100008104000080009104000080009904000080010704100080011504100080012308400080013110000560013924500650019526000320026026000090029265000390030185600490034094200100038999900210039995200910042020260306145511.0008 260114s9999 xx 000 0 eng d a9781646023066 aEbook aCRL beng cCRL 2eng aeng qCRL aHoffner Jr., Harry A. / Melchert, H. Craig91123919 2aA Grammar of the Hittite Language: Part 1: Reference Grammar bPenn State University Press c2024 aLinguistics and Semiotics91123920 uhttps://www.degruyter.com/isbn/9781646023066 cEBOOK c1688758d1688758 00104070aCRLbCRLd2026-03-06l0pCL1990296r2026-03-06 14:55:11w2026-03-06yEBOOK